00509nam a2200181 450000500170000001000150001702000260003203500140005803700090007208200110008110000210009224500580011325000060017126000580017727000590023530000260029449000070032020250821120524.0 aENG-144186 c465.00a9789349750821 aEN-127718 bDBAD a51021 aThomas, Rekha R. aLectures in Geometric Combinatorics/cRekha R. Thomas a1 aHyderabadbUniversities Press (India) Pvt. Ltd.c2025 a3-6-747/A & 3-6-754/1, HimayatnagarbHyderabade500029 aviii, 143p.c22cm(pb) v33